| 000 | 00371nam a2200145 a 4500 | ||
|---|---|---|---|
| 001 | 1420 | ||
| 003 | CDMR | ||
| 005 | 20130116135210.0 | ||
| 008 | 130130s2002||||||||||||||||||||||||||||d | ||
| 040 |
_aCDMR _bcat _cCPC GIRONA |
||
| 100 | 1 |
_aPalahÃ, Manel _91085 |
|
| 245 | 1 | 0 |
_aHerrumbroides _bEsculturas _cPalahÃ, Manel |
| 260 |
_c2002 _bCaja de Castilla La Mancha |
||
| 942 | _cMON | ||
| 999 |
_c1420 _d1420 |
||